| 000 | 00884nam a22002531i 4500 | ||
|---|---|---|---|
| 001 | 279830 | ||
| 003 | EG-ScBUE | ||
| 005 | 20250616130226.0 | ||
| 008 | 720420t1965 nyua f b 000 0 eng d | ||
| 040 |
_aDLC _beng _erda _cDLC _dDLC _dEG-ScBUE |
||
| 082 | 0 | 4 |
_a536.7 _222 _bBEN |
| 100 | 1 |
_aBent, Henry A., _eauthor. _96728 |
|
| 245 | 1 | 4 |
_aThe second law : _ban introduction to classical and statistical thermodynamics / _cHenry A. Bent, associate professor of chemistry, University of Minnesota. |
| 264 | 1 |
_aNew York : _bOxford University Press, _c[1965] |
|
| 264 | 4 | _cc1965 | |
| 300 |
_ax, 429 pages : _billustrations ; _c24 cm |
||
| 336 |
_2rdacontent _atext _btxt |
||
| 337 |
_aunmediated _2rdamedia _bn |
||
| 338 |
_avolume _bnc _2rdacarrier |
||
| 504 | _aIncludes bibliographical references. | ||
| 650 | 7 |
_aThermodynamics. _2BUEsh _96729 |
|
| 655 | _vReading book | ||
| 942 |
_2ddc _cBB |
||
| 999 |
_c11971 _d11971 |
||